Quizzes
Events
Quiz Creation
Community
Videos
Private Events
Remove Ads
Sign In
Join for FREE
Feedback
Dark Mode
Quiz Categories
Sports
Geography
Music
Movies
Television
Just For Fun
Miscellaneous
History
Literature
Language
Science
Gaming
Entertainment
Religion
Holiday
For Kids
Quiz Lab
Recent
Popular Today
Quiz Kudos Today
Editor Picks
Curator Picks
Quizzes by...
Day
Popularity
Type
Ratings
Length
Year
Community
Subscriptions
Recent Discussions
Orange Saloon
Badges
Playlists
Quests
Create
Leaderboards
Showdown
Live 5
Trivia Bingo
Activity
Puzzle Library
Sporcle Events
Private Events
Virtual Trivia
Globe League
Become a Host
Pub Owners
SporcleCon
Opinionation
Our Games
Videos
Blog
Mobile Apps
Partnerships
Remove Ads and Go Orange
Feedback
Sports
Athletes
MLB
NBA
NHL
NFL
Soccer
Sports Teams
WWE
NCAA
Football
Premier League
Basketball
Baseball
Hockey
Golf
Tennis
Cricket
Rugby
Auto Racing
Olympics
World Cup
Sports
Athletes
MLB
NBA
NHL
NFL
Soccer
Sports Teams
WWE
NCAA
Football
Premier League
Basketball
Baseball
Hockey
Golf
Tennis
Cricket
Rugby
Auto Racing
Olympics
World Cup
Random Quiz
Search Sporcle
×
Quiz Lab
Quiz Lab
Sports
Click on answers out of a set of options
Click on answers out of a set of options
Multiple Choice
Best Score? Go Orange.
Polskie transfery Stats
Gdzie trafili polscy piłkarze?
By
weszlocom
10m
50 Questions
5,734 Plays
5,734 Plays
5,734 Plays
Comments
Comments
Give Quiz Kudos
Give Quiz Kudos
-
- Ratings
hide this ad
Random Order
Randomize order of answers
Randomize order of answers
Replay
Link that replays current quiz
Next Quiz
Link to next quiz in quiz playlist
You Got
0%
They Got
Avg Score
61%
Avg Friend Score
Upgrade to see
Score Distribution
Jump to the score distribution portion of the page
Score
0/50
Timer
10:00
0
Plays Today
Question
Answer
Wrong Answers
Krzysztof Mączyński - z Wisły Kraków do...
Legii Warszawa
93.7%
Slavii Praga
0.4%
Sparty Praga
0.3%
Lecha Poznań
0.6%
Jan Bednarek - z Lecha Poznań do...
Southampton
93.4%
Stoke City
1.5%
Wolverhampton
1%
Huddersfield
0.7%
Dawid Kownacki - z Lecha Poznań do...
Sampdorii
92.3%
Nantes
0.7%
Hoffenheim
0.6%
Standardu Liege
1.5%
Wojciech Szczęsny - z Arsenalu do...
Juventusu
92.1%
Romy
7.5%
Napoli
0.1%
Liverpoolu
0.3%
Marcin Robak - z Lecha Poznań do...
Śląska Wrocław
90.9%
Piasta Gliwice
2.1%
Wisły Płock
0.9%
ŁKS-u Łódź
0.7%
Jacek Góralski - z Jagiellonii do...
Łudogorca
89.5%
Trabzonsporu
3.7%
Rijeki
3.5%
Middlesbrough
1.3%
Bartosz Kapustka - z Leicester City do...
Freiburga
87.1%
Leeds United
0.9%
Eintrachtu Frankfurt
11.6%
Ajaksu Amsterdam
0.1%
Łukasz Moneta - z Ruchu Chorzów do...
Legii Warszawa
83.8%
Górnika Zabrze
4.3%
Bytovii
2.9%
Pogoni Szczecin
3.6%
Jakub Rzeźniczak - z Legii Warszawa do...
Karabachu
83.4%
Gabali
11.1%
Łudogorca
1.3%
Karabuksporu
1.4%
Patryk Lipski - z Ruchu Chorzów do...
Lechii Gdańsk
81.9%
Rijeki
4.3%
Legii Warszawa
5.1%
Lecha Poznań
3.2%
Adrian Mierzejewski - z Al-Sharjah do...
Sydney FC
80.5%
Al-Ahli
9.5%
Ratchaburi FC
3%
Perth Glory
5.1%
Maciej Rybus - z Lyonu do...
Lokomotivu Moskwa
79.9%
Dynamo Moskwa
7.9%
Rostowa
3.1%
Krasnodaru
6.6%
Mateusz Cetnarski - z Cracovii do...
Sandecji
79.7%
Widzewa
3.6%
Korony
7.2%
Podbeskidzia
5.4%
Łukasz Załuska - z Wisły Kraków do...
Pogoni Szczecin
79.4%
Darmstadt
8%
Glasgow Rangers
4.6%
Wisły Płock
6.6%
Mateusz Klich - z Twente do...
Leeds United
79.1%
Wolfsburga
6.7%
PSV
3.7%
Chievo
10.2%
Błażej Augustyn - z Ascoli do...
Lechii Gdańsk
73.9%
Lecha Poznań
4.4%
Hearts
15.3%
Legii Warszawa
1.3%
Paweł Jaroszyński - z Cracovii do...
Chievo
72.6%
Hellasu
12.9%
Perugii
6.5%
Lazio
3.1%
Mateusz Matras - z Pogoni Szczecin do...
Lechii Gdańsk
70.7%
Lecha Poznań
4.7%
Arki Gdynia
15.3%
Wisły Kraków
5.6%
Bartosz Salamon - z Cagliari do...
SPAL
70.6%
Chievo
13.6%
Atalanty
6.7%
Sampdorii
5.7%
Alan Czerwiński - z GKS-u Katowice do...
Zagłębia Lubin
69.2%
Górnika Zabrze
9.8%
Jagiellonii Białystok
8.7%
Cracovii
9.1%
Adam Danch - z Górnika Zabrze do...
Arki Gdynia
69%
Piasta Gliwice
10.6%
Wisły Kraków
4.3%
GKS-u Tychy
15.3%
Artur Sobiech - z Hannoveru do...
Darmstadt
67.3%
Mainz
6.1%
Bochum
10.9%
Sandhausen
12.9%
Maciej Wilusz - z Lecha Poznań do...
Rostowa
65.3%
Korony
6.8%
Dynama Kijów
13.8%
Broendby
9.5%
Igor Łasicki - z Napoli do...
Wisły Płock
62.3%
Wisły Kraków
4.4%
Carpi
20.7%
Zagłębia Lubin
7.6%
Piotr Ćwielong - z FC Magdeburg do...
GKS-u Tychy
61.7%
Ruchu Chorzów
11.6%
Śląska Wrocław
15.5%
Ingolstadt
11.1%
Kamil Słaby - z Sandecji do...
Bruk-Bet Termaliki
58.5%
Stomilu Olsztyn
18.9%
Piasta Gliwice
10.9%
Górnika Zabrze
10%
Przemysław Szymiński - z Wisły Płock do...
Palermo
58.3%
Sampdorii
8.1%
Zorii Ługańsk
20.8%
Rostowa
8.9%
Szymon Drewniak - z Lecha Poznań do...
Cracovii
56.7%
Górnik Łęczna
21%
Górnika Zabrze
11.7%
Jagiellonii
5.1%
Michał Janota - z Podbeskidzia do...
Stali Mielec
55.6%
Sandecji
20.3%
Arki Gdynia
15.2%
Feyenoordu
3.5%
Patryk Kun - ze Stomilu Olsztyn do...
Arki Gdynia
54.5%
Wisły Płock
13.7%
Pogoni Szczecin
21%
Lechii Gdańsk
5.3%
Michał Nalepa - z Ferencvarosu do...
Lechii Gdańsk
54.4%
Arki Gdynia
21.7%
Wisły Kraków
10.2%
Bruk-Bet Termaliki
9.7%
Piotr Polczak - z Cracovii do...
Astry Giurgiu
54.1%
FC Tosno
21%
BATE
7.3%
Torpedo Moskwa
15.6%
Patryk Tuszyński - z Rizesporu do...
Zagłębia Lubin
52.3%
Konyasporu
14.4%
Śląska Wrocław
17.8%
Jagiellonii Białystok
11.9%
Kamil Wojtkowski - z RB Lipsk do...
Wisły Kraków
50.7%
Wisły Płock
14.6%
Pogoni Szczecin
21.3%
Anderlechtu
8.2%
Rafał Grzelak - z Korony do...
Hearts
50.5%
Jagiellonii
13.7%
Dundee United
19%
St. Mirren
15.8%
Piotr Parzyszek - z De Graafschap do...
Zwolle
49.1%
Utrechtu
9.7%
NEC
12.5%
Sparty Rotterdam
26.4%
Jakub Serafin - z Lecha Poznań do...
Haugesund
47.4%
Rody Kerkrade
19.9%
Warty Poznań
19.2%
QPR
8.7%
Dawid Pietrzkiewicz - z Gabali do...
Sandecji
46.6%
Karabachu
10.7%
Interu Baku
29.9%
Korony Kielce
12.3%
Łukasz Piątek - z Zagłębia Lubin do...
Bruk-Bet Termaliki
43.4%
Cracovii
41.3%
Korony Kielce
7.3%
Polonii Warszawa
2.8%
Paweł Bochniewicz - z Granady do...
Udinese
40.6%
Realu Betis
11.2%
Levante
24.5%
Cardiff City
19.2%
Rafał Grodzicki - z Ruchu Chorzów do...
Stali Mielec
39.8%
Ruchu Radzionków
10%
GKS-u Tychy
26%
Widzewa Łódź
21.2%
Tomasz Kupisz - z Chievo do...
Ceseny
38.6%
Benevento
27%
Palermo
12.9%
Bari
21%
Dawid Nowak - z Bruk-Bet Termaliki do...
Puszczy Niepołomice
38.4%
Odry Opole
14.3%
GKS-u Bełchatów
17%
Chojniczanki
29%
Mateusz Zachara - z Wisły Kraków do...
Tondeli
38.2%
Estoril
32.8%
Aves
11.4%
Henan Jianye
15%
Jonatan Straus - z Jagiellonii do...
Sandecji
37.2%
Podbeskidzia
16.2%
Wigier Suwałki
15.4%
FK Mińsk
25.9%
Bartosz Szeliga - z Piasta Gliwice do...
Bruk-Bet Termaliki
36.8%
Sandecji
24.2%
Zagłębia Sosnowiec
21.2%
Odry Opole
13.6%
Jakub Więzik - z ZFC Meuselwitz do...
Tatrana Presov
35.3%
Radomiaka Radom
25.9%
Trenczyna
24%
FC Koeln
10%
Daniel Kajzer - z ROW-u Rybnik do...
Botewa Płowdiw
33.8%
Gwardii Koszalin
14.6%
Rakowa Częstochowa
29.4%
Cracovii
19.5%
Piotr Grzelczak - z Górnika Łęczna do...
Platanii Chanion
27.2%
Apollonu Smyrnis
20.4%
Atromitosu
21.8%
AEL-u Limassol
26.2%
Marcin Garuch - z FK Grbalj do...
GKS-u Bełchatów
24.9%
GKS-u Katowice
24.9%
GKS-u Tychy
21.8%
GKS-u Jastrzębie
25.2%
Quiz Playlist
Details
Report
Send in Message
Add To Playlist
Multiple Choice:
Click on answers out of a set of options
Random Order:
Randomize order of answers
Last Updated: Aug 29, 2017
Quiz Scoreboard
CHALLENGE
Sign Up to Join the Scoreboard
Show All
Scores
Hide
Comments
May contain spoilers
Recently Published
An Introduction to Baseball
by treessimontrees
Sports
5m
Movies - When Are They Set?
by FPL_Elf
Movies
5m
Popular People in 1961
by mucciniale
History
6m
More to Explore
Quiz From the Vault
Featured Blog Post
Where Did the Easter Bunny Come From?
hide this ad
You Might Also Like...
Tags
This quiz does not have any tags.
Today's Top Quizzes in Sports
Browse Sports
hide this ad
Top Contributed Quizzes in Sports
1
Les meilleurs buteurs des matchs entre le PSG et l’OM
2
2022 World Cup Stars
3
FIFA Club World Cup Champions
4
Les entraîneurs de l'OM et du PSG au 21e siècle
5
Name the Premier League winners with different clubs
6
La finale Lions - Afrique du Sud 2021
7
England Test cricketers to play under Nasser Hussain
8
5-to-1: UK Sports Teams
9
Les joueurs passés par le LOSC et le RC Lens
10
Criteria MLB: Left Handed Sluggers
Explore More
Trending Topics
Disney
Anime
Crossword
Kpop
Marvel
NBA
Harry Potter
NFL
Country
WWE
Song
Puzzle
Soccer
The Office
Pokémon
hide this ad
More By:
weszlocom
Quiz
Plays
Rating
Category
Featured
Created
Polacy, którzy strzelali w Lidze Mistrzów
54,506
3.67
Sports
Nov 26, 2019
Kadrowicze Sousy
48,835
1.80
Sports
Oct 7, 2021
Laureaci Złotej Piłki
48,617
3.00
Sports
Dec 5, 2018
Wygrał Ligę Mistrzów czy nie?
48,130
5.00
Sports
Sep 3, 2020
Polacy w La Liga
41,216
Sports
Apr 30, 2020
Go to Creator's Profile
Score Distribution
Quiz Creator Spotlight
weszlocom
Follow
Send a Message
Quizzes Created
-
Created Quiz Play Count
-
More By This Creator
Popular Quizzes Today
1
Find the Countries of Europe - No Outlines Minefield
2
Find the US States - No Outlines Minefield
3
The Countries of the World
4
Popular People in 1961
5
Find the US States
6
US States
7
1-10 Letter E Words III
8
Risky Map Clicking: Biggest States A-Z
More Sports Quizzes
Spanish Players in a Champions League Final
Quiz Lab
Trending Quizzes
Risky Map Clicking: Least Populous States A-Z
1-10 Letter F Words
1-10 Letter G Words
One Thing in Common: United Kingdom
Risky Map Clicking: Next State Alphabetically
Recently Updated
Leaping Animals
pecheneg
Reality TV Shows (A-Z)
bhenderson79
Rickey Henderson's Hall of Fame Teammates
pecheneg
Champions League XIs: Arsenal
pecheneg
Quick Pick: Celebrities in WWE's Hall of Fame
aduchscher
A-Z Keypad Blitz II
pecheneg
Multiple Oscar Actors
pecheneg
Mystery Phrase Blitz: Oscar 'Best Actors'
pecheneg
F. Scott Fitzgerald Novels
LTH
Pick 3 Villains
ddd62291
Trending Topics
Marvel
Crossword
Disney
Kpop
NBA
Anime
Harry Potter
Song
NFL
Country
Puzzle
WWE
The Office
Soccer
Pokémon
Your Account Isn't Verified!
In order to create a playlist on Sporcle, you need to verify the email address you used during registration. Go to your
Sporcle Settings
to finish the process.
Report this User
Report this user for behavior that violates our
Community Guidelines
.
Details:
Send Report
Go to the Sporcle.com Mobile Site →
Comments